| 000 | 00899nam a2200265 a 4500 | ||
|---|---|---|---|
| 008 | |||
| 020 | _a0135075750 (cased) | ||
| 090 | 0 | 0 |
_aHD30.335 _bMAR |
| 100 | 1 | _aMartin, James. | |
| 245 | 1 | 0 |
_aEnterprise networking : _bdata link subnetworks / _cJames Martin with Kathleen Kavanagh Chapman, Joe Leben. |
| 260 |
_aUpper Saddle River : _bPrentice Hall PTR, _cc1996. |
||
| 300 |
_axvi, 431 p. : _bill. (some col.), map ; _c25 cm. |
||
| 500 | _aIncludes index. | ||
| 650 | 0 |
_aBusiness enterprises _xComputer networks. |
|
| 650 | 0 | _aLocal area networks (Computer networks) | |
| 650 | 0 | _aWide area networks (Computer networks) | |
| 700 | 1 | _aChapman, Kathleen Kavanagh. | |
| 700 | 1 | _aLeben, Joe. | |
| 907 |
_a.b10084538 _b20-04-12 _c24-07-03 |
||
| 003 | |||
| 005 | 20230123133352.0 | ||
| 040 | _cNUST | ||
| 049 | _aMAIN | ||
| 942 |
_cBOOKS _kHD30.335 _mMAR |
||
| 999 |
_c147404 _d147404 |
||